Normal view
MARC view
Entry Nombre de reunión
001 - NÚMERO DE CONTROL
- campo de control: 62159
003 - IDENTIFICADOR DEL NÚMERO DE CONTROL
- campo de control: OSt
005 - FECHA Y HORA DE LA ÚLTIMA TRANSACCIÓN
- campo de control: 20220127112206.0
008 - DATOS DE LONGITUD FIJA
- campo de control de longitud fija: 070627|| aznnnabb| un and |u
040 ## - FUENTE DE LA CATALOGACIÓN
- Centro catalogador/agencia de origen: OSt
- Centro/agencia transcriptor: OSt
111 2# - ENCABEZAMIENTO--NOMBRE DE CONGRESO/REUNIÓN
- Nombre de congreso/reunión o jurisdicción como elemento de entrada: Jornadas de Presentación de Avances y Resultados de Investigación del Programa de Investigación en Educación Agrícola
- Número del congreso/reunión o número de parte o sección: (11 :
- Fecha del congreso/reunión: 2006 :
- Sede del congreso/Lugar de la reunión: Chapingo, Méx.)
